00413nam a22001457a 450000500170000001000120001702000260002903700230005508200060007810000190008424500390010326000360014227000690017830000200024720260228161059.0 aBACEN26 a9789373579979c295.00 bPangram Publishers aN aForster, E. M. aA Passage to India/cE. M. Forster aDelhibPangram Publishersc2025 aA 208, 2nd Floor, North Ex Mall, Sector-9, RohinibDelhie110085 a293.pc22cm(pb)